Music Quiz

Random Music or Song Quiz

Every Katy Perry song Quiz Stats

Quiz not verified by Sporcle

Challenge
Share
Tweet
Embed
Score 0/49 Timer 10:00
0 Plays Today
Album Song % Correct
PrismRoar
90.3%
Teenage DreamTeenage Dream
90.1%
One of the BoysI Kissed a Girl
86.7%
PrismDark Horse
85.7%
Teenage DreamFirework
84.2%
Teenage DreamCalifornia Gurls
83.9%
One of the BoysHot n Cold
83.7%
Teenage DreamLast Friday Night (T.G.I.F.)
78.3%
Teenage DreamE.T.
77.8%
Teenage Dream: The Complete ConfectionWide Awake
77.3%
PrismBirthday
76.8%
Teenage Dream: The Complete ConfectionPart of Me
76.3%
One of the BoysOne of the Boys
75.5%
Teenage DreamThe One That Got Away
73%
One of the BoysWaking Up in Vegas
71.2%
One of the BoysUr So Gay
69.4%
PrismThis Is How We Do
68.6%
PrismUnconditionally
68.1%
Teenage DreamPeacock
67.9%
One of the BoysThinking of You
65.3%
PrismLegendary Lovers
64.8%
PrismWalking on Air
62.5%
PrismBy the Grace of God
62%
PrismInternational Smile
60.7%
PrismGhost
59.7%
Album Song % Correct
Teenage DreamCircle the Drain
59.4%
Teenage DreamPearl
57.7%
Teenage DreamNot Like the Movies
57.1%
PrismDouble Rainbow
55.9%
Teenage DreamHummingbird Heartbeat
55.4%
PrismLove Me
54.6%
One of the BoysMannequin
51.5%
PrismIt Takes Two
51.5%
Teenage Dream: The Complete ConfectionDressin' Up
50.5%
One of the BoysLost
50%
Teenage DreamWho Am I Living For?
50%
One of the BoysFingerprints
49.5%
PrismThis Moment
49.2%
PrismChoose Your Battles
47.2%
PrismSpiritual
45.7%
One of the BoysI'm Still Breathing
42.9%
One of the BoysSelf Inflicted
42.1%
One of the BoysIf You Can Afford Me
41.8%
Shock Value IIIf We Ever Meet Again
35.5%
WantStarstrukk
34.7%
Paradise ValleyWho You Love
29.3%
FerrasLegends Never Die
26%
One of the BoysI Think I'm Ready
25.8%
One of the BoysA Cup of Coffee
22.2%

You're not logged in!

Compare scores with friends on all Sporcle quizzes.
Join for Free
OR
Log In

You Might Also Like...

Show Comments

Extras

Top Quizzes Today


Score Distribution

Your Account Isn't Verified!

In order to create a playlist on Sporcle, you need to verify the email address you used during registration. Go to your Sporcle Settings to finish the process.

Report this User

Report this user for behavior that violates our Community Guidelines.

Details: